[Event "Plzen, JF C"]
[Site "?"]
[Date "1998.??.??"]
[Round "4"]
[White "Mirumian, V."]
[Black "Stets, D."]
[Result "1/2-1/2"]
[WhiteElo "2470"]
[BlackElo "2435"]
[PlyCount "116"]
[EventDate "1998.??.??"]
[Source "ChessBase"]
[SourceDate "1996.11.15"]

1. Nf3 Nf6 2. g3 g6 3. Bg2 Bg7 4. O-O O-O 5. c4 d6 6. Nc3 e5 7. d3 Nc6 8. Rb1
a5 9. a3 h6 10. b4 axb4 11. axb4 Be6 12. b5 Ne7 13. Bb2 Qd7 14. Re1 Bh3 15. Bh1
Ng4 16. d4 Qe6 17. dxe5 dxe5 18. Nd5 Rfd8 19. Nd2 e4 20. Nxe4 Nxd5 21. cxd5
Rxd5 22. Qb3 Bxb2 23. Qxb2 Re5 24. Qd4 Re8 25. Nc3 Rf5 26. f4 g5 27. Nd5 c6 28.
bxc6 bxc6 29. Nc7 Qe3+ 30. Qxe3 Rxe3 31. Rb8+ Kh7 32. Rb4 Rc5 33. Be4+ f5 34.
Ne6 Rxe2 35. Rbb1 Rcc2 36. Bxf5+ Kg8 37. Rxe2 Rxe2 38. Bxg4 Bxg4 39. Nd4 Rd2
40. Nxc6 gxf4 41. gxf4 Kg7 42. Ne5 Bh3 43. Rb3 Bf5 44. Rb7+ Kf6 45. Rb6+ Kg7
46. Nf3 Ra2 47. Nh4 Be4 48. Re6 Bd3 49. Re3 Bb1 50. Rb3 Be4 51. Rb4 Bd3 52.
Rb7+ Kf6 53. Rb3 Be4 54. Rb6+ Kg7 55. f5 Ra5 56. f6+ Kf7 57. Kf2 Rh5 58. Kg3
Bd5 1/2-1/2

[Event "Plzen, JF C"]
[Site "?"]
[Date "1998.??.??"]
[Round "4"]
[White "Kuljabin, V."]
[Black "Kozlov, O."]
[Result "1/2-1/2"]
[WhiteElo "2420"]
[BlackElo "2410"]
[PlyCount "123"]
[EventDate "1998.??.??"]
[Source "ChessBase"]
[SourceDate "1996.11.15"]

1. c4 e6 2. g3 d5 3. Nf3 Nf6 4. b3 Be7 5. Bg2 O-O 6. O-O c5 7. Bb2 Nc6 8. e3 b6
9. d3 Bb7 10. Qe2 Qc7 11. e4 dxe4 12. dxe4 Ng4 13. Nc3 Rad8 14. Rad1 a6 15. Na4
Rxd1 16. Rxd1 Rd8 17. Ne1 Rxd1 18. Qxd1 Nge5 19. f4 Nd7 20. Nc2 Nb4 21. Ne3 Qd6
22. Qxd6 Bxd6 23. e5 Bxg2 24. Kxg2 Bc7 25. Nc3 Nb8 26. Kf3 Kf8 27. Ke4 Ke7 28.
g4 Nd7 29. a3 Nc6 30. Ne2 Na5 31. Nc1 b5 32. h4 Nb6 33. Kd3 bxc4+ 34. bxc4 Na4
35. Ba1 f6 36. exf6+ gxf6 37. f5 Bf4 38. Ne2 Bxe3 39. Kxe3 Nxc4+ 40. Kd3 Ncb6
41. fxe6 Kxe6 42. Nf4+ Kf7 43. Ke4 Nc4 44. Nd5 Nd6+ 45. Kd3 Ne8 46. Ke4 Nd6+
47. Kf4 c4 48. Ke3 c3 49. Nb4 Nc4+ 50. Kd3 Ne5+ 51. Kc2 Nxg4 52. Nxa6 Ne3+ 53.
Kd3 c2 54. Kd2 Nb6 55. Bd4 Nbc4+ 56. Kc1 f5 57. Bxe3 Nxe3 58. Nb4 f4 59. Nxc2
Nf5 60. Kd2 Nxh4 61. Kd3 Ke7 62. Nd4 1/2-1/2

[Event "Plzen, JF C"]
[Site "?"]
[Date "1998.??.??"]
[Round "4"]
[White "Suran, J."]
[Black "Michalek, J."]
[Result "0-1"]
[WhiteElo "2295"]
[BlackElo "2300"]
[PlyCount "100"]
[EventDate "1998.??.??"]
[Source "ChessBase"]
[SourceDate "1996.11.15"]

1. Nf3 Nf6 2. g3 g6 3. b3 Bg7 4. Bb2 c5 5. c4 Nc6 6. Bg2 d6 7. O-O e5 8. d3 O-O
9. e3 Bf5 10. Nc3 Qd7 11. Ng5 h6 12. Nge4 Ne8 13. Nd5 Be6 14. Qd2 f5 15. Nec3
g5 16. f4 Qf7 17. Ne2 Rd8 18. Rad1 Nf6 19. Nxf6+ Bxf6 20. Nc3 exf4 21. gxf4 Qg7
22. Ba1 Rd7 23. Kh1 g4 24. Nd5 Bxa1 25. Rxa1 Ne7 26. Nxe7+ Rxe7 27. Rae1 Rfe8
28. e4 Qd4 29. Qe3 Qxe3 30. Rxe3 Bd7 31. Rfe1 Bc6 32. Kg1 a5 33. a4 Kg7 34. Kf2
h5 35. Kg3 Kf6 36. h4 d5 37. e5+ Ke6 38. R3e2 Rd8 39. Bf1 dxc4 40. dxc4 Bf3 41.
Re3 Red7 42. Bg2 Bxg2 43. Kxg2 Rd2+ 44. R1e2 Rxe2+ 45. Rxe2 Rd3 46. Rb2 b6 47.
Rb1 Rd2+ 48. Kg3 Ke7 49. e6 Rd3+ 50. Kf2 Rf3+ 0-1

[Event "Plzen, JF C"]
[Site "?"]
[Date "1998.??.??"]
[Round "4"]
[White "Zimmerman, Y."]
[Black "Steppuhn, T."]
[Result "1-0"]
[WhiteElo "2340"]
[BlackElo "2160"]
[PlyCount "63"]
[EventDate "1998.??.??"]
[Source "ChessBase"]
[SourceDate "1996.11.15"]

1. d4 e6 2. c4 b6 3. a3 Bb7 4. Nc3 f5 5. d5 Nf6 6. g3 e5 7. e4 fxe4 8. Bg2 d6
9. Nxe4 Nxe4 10. Bxe4 g6 11. Qe2 Qe7 12. h4 Nd7 13. h5 g5 14. Nf3 h6 15. Bg6+
Kd8 16. Be3 Bg7 17. Nd2 Nf6 18. f3 a5 19. O-O-O Bc8 20. Rde1 Qf8 21. Rhf1 Bd7
22. f4 exf4 23. gxf4 g4 24. Nb3 Ba4 25. Qd3 Bxb3 26. Qxb3 Nd7 27. Bd2 Nc5 28.
Qg3 Qf6 29. Bc3 Nb3+ 30. Kb1 Nd2+ 31. Ka2 Nxf1 32. Bxf6+ 1-0

[Event "Plzen, JF C"]
[Site "?"]
[Date "1998.??.??"]
[Round "4"]
[White "Orsag, M."]
[Black "Tupy, M."]
[Result "0-1"]
[WhiteElo "2140"]
[BlackElo "2280"]
[PlyCount "84"]
[EventDate "1998.??.??"]
[Source "ChessBase"]
[SourceDate "1996.11.15"]

1. e4 c5 2. Nc3 Nc6 3. g3 g6 4. Bg2 Bg7 5. f4 e6 6. Nf3 Nge7 7. d3 O-O 8. O-O
d6 9. Be3 Rb8 10. Qd2 b5 11. e5 Nf5 12. Bf2 Ncd4 13. Ne4 Bb7 14. c3 Nxf3+ 15.
Bxf3 Qc7 16. g4 dxe5 17. gxf5 exf5 18. Ng5 h6 19. Bxb7 hxg5 20. Bg2 gxf4 21.
Bh4 Qd6 22. Qc2 Bh6 23. Bh3 g5 24. Bxf5 gxh4 25. a4 b4 26. c4 Kh8 27. Kh1 Rg8
28. Qe2 Rg5 29. Be4 Qd4 30. Rg1 Rbg8 31. Rxg5 Rxg5 32. Rf1 Qe3 33. Qxe3 fxe3
34. Rg1 f5 35. Bf3 Kg7 36. Rxg5+ Bxg5 37. Kg2 Kf6 38. h3 e4 39. dxe4 fxe4 40.
Bd1 Ke5 41. Kf1 Kf4 42. Bg4 Bf6 0-1

[Event "Plzen, JF C"]
[Site "?"]
[Date "1998.??.??"]
[Round "4"]
[White "Papapostoulou, C."]
[Black "Stehlik, J."]
[Result "1-0"]
[WhiteElo "2180"]
[BlackElo "2140"]
[PlyCount "91"]
[EventDate "1998.??.??"]
[Source "ChessBase"]
[SourceDate "1996.11.15"]

1. e4 c5 2. Nf3 Nc6 3. d4 cxd4 4. Nxd4 g6 5. Be3 Bg7 6. Nc3 Nf6 7. Qd2 Ng4 8.
Nxc6 dxc6 9. Qxd8+ Kxd8 10. Bd2 Be6 11. h3 Ne5 12. O-O-O Kc7 13. b3 Rad8 14. f4
Nd7 15. g4 f6 16. Bg2 h5 17. f5 Bf7 18. Ne2 Ne5 19. g5 h4 20. fxg6 Bxg6 21. Be3
fxg5 22. Rxd8 Rxd8 23. Bxg5 Bf6 24. Bf4 Bh5 25. Re1 Kc8 26. Be3 b6 27. Nf4 Bf7
28. Bf1 Nf3 29. Ba6+ Kc7 30. Rf1 Ne5 31. Nd3 Nxd3+ 32. cxd3 Bh5 33. Bf4+ e5 34.
Bh2 Bg7 35. Rg1 Bf6 36. Rf1 Bg7 37. Kc2 b5 38. a4 Kb6 39. axb5 cxb5 40. Ra1 Bf8
41. Bxe5 Be2 42. d4 Bb4 43. d5 Re8 44. Bd4+ Bc5 45. Bf6 Rxe4 46. Bd8# 1-0

[Event "Plzen, JF C"]
[Site "?"]
[Date "1998.??.??"]
[Round "4"]
[White "Novacek, K."]
[Black "Krischke, A."]
[Result "1/2-1/2"]
[WhiteElo "2095"]
[BlackElo "2165"]
[PlyCount "97"]
[EventDate "1998.??.??"]
[Source "ChessBase"]
[SourceDate "1996.11.15"]

1. e4 c6 2. Nc3 d5 3. g3 dxe4 4. Nxe4 Bf5 5. Bg2 Nf6 6. Nxf6+ gxf6 7. d4 e6 8.
Be3 Na6 9. c3 h5 10. h4 Bd6 11. Bf3 Bg6 12. Ne2 Nc7 13. O-O Nd5 14. Bd2 Bd3 15.
Re1 Qc7 16. Nc1 Ba6 17. b3 O-O-O 18. c4 Bxg3 19. fxg3 Qxg3+ 20. Bg2 Rhg8 21.
Re2 Nf4 22. Bxf4 Qxf4 23. Rf2 Qxh4 24. Ne2 c5 25. d5 Qg5 26. Qc1 Qe5 27. Qc3
exd5 28. Qxe5 fxe5 29. Kh2 dxc4 30. bxc4 Rd2 31. Bd5 Rg4 32. Re1 Bxc4 33. Bxc4
Rxc4 34. Rxf7 Re4 35. Rf2 Rxa2 36. Kg2 Rg4+ 37. Kf1 a6 38. Rf8+ Kc7 39. Nc3 Rd2
40. Rxe5 Rgd4 41. Rxc5+ Kb6 42. Rxh5 Rc2 43. Rf6+ Ka7 44. Rh3 Rdd2 45. Re6 Rc1+
46. Re1 Rxe1+ 47. Kxe1 Rd7 48. Ke2 b5 49. Rd3 1/2-1/2

[Event "Plzen, JF C"]
[Site "?"]
[Date "1998.??.??"]
[Round "4"]
[White "Spal, M."]
[Black "Hercik, J."]
[Result "1-0"]
[WhiteElo "2160"]
[BlackElo "1870"]
[PlyCount "61"]
[EventDate "1998.??.??"]
[Source "ChessBase"]
[SourceDate "1996.11.15"]

1. e4 e5 2. Nf3 Nc6 3. Nc3 Nf6 4. d4 exd4 5. Nxd4 Bb4 6. Nxc6 bxc6 7. Bd3 O-O
8. O-O Bxc3 9. bxc3 h6 10. e5 Nd5 11. c4 Nb4 12. Be4 f5 13. Bf3 Qh4 14. Ba3
Qxc4 15. Qd2 Rb8 16. c3 Qd3 17. Qxd3 Nxd3 18. Bxf8 Nxe5 19. Rfb1 Ra8 20. Bc5 d6
21. Bxa7 Nxf3+ 22. gxf3 c5 23. Rb8 Rxa7 24. Rxc8+ Kh7 25. a4 Kg6 26. a5 Kg5 27.
a6 Kf4 28. Kg2 d5 29. Rb8 d4 30. cxd4 cxd4 31. Rb7 1-0

[Event "Plzen, JF C"]
[Site "?"]
[Date "1998.??.??"]
[Round "4"]
[White "Eretova, J."]
[Black "Gruss, H."]
[Result "1-0"]
[WhiteElo "2155"]
[BlackElo "1860"]
[PlyCount "73"]
[EventDate "1998.??.??"]
[Source "ChessBase"]
[SourceDate "1996.11.15"]

1. e4 c5 2. Nc3 Nc6 3. g3 g6 4. Bg2 Bg7 5. d3 d6 6. Be3 Nf6 7. h3 O-O 8. Qd2 e6
9. Nge2 e5 10. O-O Nd4 11. f4 Nh5 12. Kh2 f5 13. Nd5 Nxe2 14. Qxe2 exf4 15.
Nxf4 Nxf4 16. Bxf4 g5 17. Bd2 f4 18. gxf4 gxf4 19. Bc3 Be5 20. Bxe5 dxe5 21.
Qh5 Qe8 22. Qg5+ Kh8 23. Bf3 Rg8 24. Qf6+ Rg7 25. Rg1 Qe7 26. Qxg7+ Qxg7 27.
Rxg7 Kxg7 28. Rg1+ Kf6 29. Rg8 b6 30. Rf8+ Kg6 31. Re8 Bb7 32. Rxe5 c4 33. d4
c3 34. b3 Ba6 35. Re6+ Kg5 36. d5 Bb5 37. d6 1-0

[Event "Plzen, JF C"]
[Site "?"]
[Date "1998.??.??"]
[Round "4"]
[White "Kalista, K."]
[Black "Pfriender, H."]
[Result "0-1"]
[WhiteElo "1910"]
[BlackElo "2010"]
[PlyCount "98"]
[EventDate "1998.??.??"]
[Source "ChessBase"]
[SourceDate "1996.11.15"]

1. Nf3 d6 2. c4 e5 3. Nc3 f5 4. d4 e4 5. Ng5 Be7 6. Nh3 Nf6 7. e3 Nbd7 8. Nf4
Nb6 9. Be2 O-O 10. O-O g5 11. c5 gxf4 12. cxb6 axb6 13. exf4 d5 14. Be3 Be6 15.
f3 Qd7 16. Qb3 Kh8 17. Rac1 Bd8 18. Rc2 Rg8 19. g3 Ra5 20. Rfc1 Qe7 21. Bd2 Nh5
22. Kf2 Nf6 23. Nb5 exf3 24. Bxa5 Ne4+ 25. Kxf3 bxa5 26. Kg2 c6 27. Nc3 Qc7 28.
Nxe4 fxe4 29. Kh1 Bf6 30. Rd1 Qg7 31. Qe3 Bh3 32. Rcd2 Qh6 33. Bf1 Bg4 34. Be2
Bh3 35. Rg1 Bg4 36. Bxg4 Rxg4 37. b3 Qh3 38. Qe2 h5 39. Qg2 Qxg2+ 40. Rgxg2 h4
41. h3 Rxg3 42. Rxg3 hxg3 43. Kg2 e3 44. Rd3 Bxd4 45. Kf3 g2 46. Kxg2 e2 47.
Rxd4 e1=Q 48. Ra4 b5 49. Ra3 Qb4 0-1

[Event "Plzen, JF C"]
[Site "?"]
[Date "1998.??.??"]
[Round "4"]
[White "Rybak, M."]
[Black "Janke, G."]
[Result "1-0"]
[WhiteElo "2280"]
[BlackElo "2005"]
[PlyCount "73"]
[EventDate "1998.??.??"]
[Source "ChessBase"]
[SourceDate "1996.11.15"]

1. e4 e6 2. d4 b6 3. Nf3 Bb7 4. Bd3 c5 5. c3 cxd4 6. cxd4 Nc6 7. O-O Nb4 8. Nc3
Ne7 9. Bg5 Nxd3 10. Qxd3 f6 11. Nb5 Ng6 12. Bd2 a6 13. Nc3 Be7 14. h4 h5 15. e5
f5 16. Ng5 Nxh4 17. Qg3 Nxg2 18. f3 f4 19. Nxe6 fxg3 20. Nxd8 Rxd8 21. Kxg2 h4
22. Rae1 O-O 23. a3 Rf5 24. Ne4 Rdf8 25. Re2 Bxe4 26. Rxe4 g5 27. Ree1 Kf7 28.
Rc1 Ke6 29. Be3 Kf7 30. Rc7 Bd8 31. Rxd7+ Ke8 32. e6 Rb5 33. b4 a5 34. Rc1 Rbf5
35. Rc8 h3+ 36. Kxh3 Rh8+ 37. Kxg3 1-0

[Event "Plzen, JF C"]
[Site "?"]
[Date "1998.??.??"]
[Round "4"]
[White "Hroch, J."]
[Black "Foglar, S."]
[Result "1-0"]
[WhiteElo "2035"]
[BlackElo "2065"]
[PlyCount "89"]
[EventDate "1998.??.??"]
[Source "ChessBase"]
[SourceDate "1996.11.15"]

1. e4 c5 2. Nc3 Nc6 3. g3 g6 4. Bg2 Bg7 5. d3 d6 6. Be3 Rb8 7. Nge2 b5 8. Qd2
Nd4 9. O-O b4 10. Nd1 Bd7 11. a3 a5 12. axb4 axb4 13. f4 e6 14. f5 exf5 15.
Nxd4 Bxd4 16. Bxd4 cxd4 17. exf5 Bxf5 18. Qf4 Ne7 19. Qxd4 O-O 20. Ne3 Qb6 21.
Qxb6 Rxb6 22. Nc4 Rb5 23. Nxd6 Rc5 24. Rf2 b3 25. cxb3 Bxd3 26. b4 Rc2 27. Rxc2
Bxc2 28. b5 Rd8 29. Ra8 Rxa8 30. Bxa8 Ba4 31. Bg2 Kg7 32. b3 Bxb5 33. Nxb5 Nc8
34. Kf2 Kf6 35. Ke3 Ke5 36. Nd4 f5 37. Nc6+ Kd6 38. Kd4 g5 39. Ne5 Ke6 40. Nc4
h5 41. b4 Kf6 42. b5 h4 43. b6 Nxb6 44. Nxb6 g4 45. Nd5+ 1-0

[Event "Plzen, JF C"]
[Site "?"]
[Date "1998.??.??"]
[Round "4"]
[White "Nold, M."]
[Black "Hajek, J."]
[Result "1-0"]
[WhiteElo "2020"]
[BlackElo "2045"]
[PlyCount "71"]
[EventDate "1998.??.??"]
[Source "ChessBase"]
[SourceDate "1996.11.15"]

1. e4 Nf6 2. Nc3 d5 3. e5 Nfd7 4. f4 e6 5. Nf3 c5 6. Be2 Nc6 7. O-O Be7 8. d3
O-O 9. a3 a6 10. Qe1 b5 11. Bd2 f5 12. exf6 Nxf6 13. Ne5 Nd4 14. Bd1 Qb6 15.
Kh1 Bb7 16. Ne2 Nf5 17. c3 d4 18. cxd4 cxd4 19. Bb3 Bd5 20. Bxd5 exd5 21. g4
Ne3 22. Bxe3 dxe3 23. g5 Nh5 24. Nd7 Qd6 25. Nxf8 Rxf8 26. Qh4 g6 27. Qg4 Rf5
28. Rac1 Qb8 29. Nd4 Ng7 30. Nxf5 Nxf5 31. Rc6 Qb7 32. Rfc1 d4 33. Kg1 Bd6 34.
Rxd6 Nxd6 35. Qe6+ Nf7 36. Rc8+ 1-0

[Event "Plzen, JF C"]
[Site "?"]
[Date "1998.??.??"]
[Round "4"]
[White "Tenk, P."]
[Black "Palkova, H."]
[Result "1/2-1/2"]
[WhiteElo "1835"]
[BlackElo "2045"]
[PlyCount "38"]
[EventDate "1998.??.??"]
[Source "ChessBase"]
[SourceDate "1996.11.15"]

1. d4 d5 2. Nf3 Nf6 3. c4 e6 4. g3 c6 5. Qc2 Nbd7 6. Bg2 Be7 7. O-O O-O 8. Nbd2
a6 9. e4 dxe4 10. Nxe4 Nxe4 11. Qxe4 Nf6 12. Qe2 Bd6 13. Rd1 Qc7 14. b3 Re8 15.
c5 Be7 16. Bf4 Qd8 17. Ne5 Nd5 18. Bd2 Bf6 19. Rac1 Bd7 1/2-1/2

[Event "Plzen, JF C"]
[Site "?"]
[Date "1998.??.??"]
[Round "4"]
[White "Vojir, V jn"]
[Black "Mitzka, F."]
[Result "0-1"]
[WhiteElo "1800"]
[BlackElo "2035"]
[PlyCount "58"]
[EventDate "1998.??.??"]
[Source "ChessBase"]
[SourceDate "1996.11.15"]

1. d4 Nf6 2. c4 g6 3. Nc3 Bg7 4. e4 d6 5. f3 e5 6. d5 O-O 7. Be3 Nfd7 8. Qd2 a5
9. Bd3 Na6 10. a3 Nac5 11. Bc2 a4 12. Qd1 f5 13. Nge2 Qh4+ 14. Bf2 Qg5 15. Kf1
b6 16. h4 Qf6 17. h5 Ba6 18. hxg6 hxg6 19. exf5 gxf5 20. Nxa4 Bxc4 21. Nxc5
bxc5 22. Bh4 Qg6 23. Kf2 Bxe2 24. Qxe2 e4 25. Rab1 Bd4+ 26. Kf1 Kg7 27. Qb5 Nb6
28. Qc6 Nc4 29. Be1 Ne3+ 0-1

[Event "Plzen, JF C"]
[Site "?"]
[Date "1998.??.??"]
[Round "4"]
[White "Sladek, J."]
[Black "Snaidr, J."]
[Result "1/2-1/2"]
[WhiteElo "1870"]
[BlackElo "2100"]
[PlyCount "138"]
[EventDate "1998.??.??"]
[Source "ChessBase"]
[SourceDate "1996.11.15"]

1. e4 c5 2. Nf3 Nc6 3. c3 e6 4. d4 d5 5. e5 Bd7 6. Bd3 cxd4 7. cxd4 Nb4 8. Nc3
Nxd3+ 9. Qxd3 Ne7 10. a3 Nc6 11. b4 Be7 12. O-O a6 13. Bd2 O-O 14. Rfb1 b5 15.
g3 f6 16. Bf4 f5 17. h4 Qb6 18. Bg5 Rfc8 19. Bxe7 Nxe7 20. Ne2 Nc6 21. Rb3 a5
22. Rab1 axb4 23. axb4 Be8 24. Nf4 Ne7 25. Rc3 Rc4 26. Nd2 Rxc3 27. Qxc3 Rc8
28. Qd3 Bf7 29. Nb3 Rc4 30. Ra1 h6 31. Ra8+ Kh7 32. Rf8 Bg8 33. g4 Rxb4 34.
gxf5 Rxb3 35. Qxb3 Nxf5 36. Nxd5 Qxd4 37. Ne3 Nxh4 38. Qxb5 Qe4 39. Qa6 Nf3+
40. Kh1 Nd4+ 41. Kh2 Qh4+ 42. Kg2 Qg5+ 43. Kh3 Qxe5 44. Qd3+ g6 45. Qb1 Kg7 46.
Qb8 Qxb8 47. Rxb8 e5 48. Rb7+ Bf7 49. Ng4 Nf3 50. Kg3 h5 51. Kxf3 hxg4+ 52.
Kxg4 Kf6 53. Rb6+ Be6+ 54. Kf3 Kf5 55. Rb8 Bd5+ 56. Ke3 Ba2 57. Ra8 Bb1 58. Ra5
Ke6 59. Kf3 Bf5 60. Kg3 Bb1 61. Kh4 Bc2 62. Kg5 Bf5 63. Ra6+ Kd5 64. Kf6 e4 65.
Ra4 Kd6 66. Ra5 Kc6 67. Ke5 Kb6 68. Ra2 Kc6 69. Rc2+ Kd7 1/2-1/2

[Event "Plzen, JF C"]
[Site "?"]
[Date "1998.??.??"]
[Round "4"]
[White "Marik, P."]
[Black "Smid, J."]
[Result "1/2-1/2"]
[WhiteElo "2060"]
[BlackElo "1910"]
[PlyCount "48"]
[EventDate "1998.??.??"]
[Source "ChessBase"]
[SourceDate "1996.11.15"]

1. e4 e5 2. Nf3 Nc6 3. Bc4 Nf6 4. d4 exd4 5. O-O Nxe4 6. Re1 d5 7. Nc3 dxc4 8.
Rxe4+ Be6 9. Nxd4 Nxd4 10. Rxd4 Bd6 11. Bf4 Qe7 12. Bxd6 cxd6 13. Nd5 Bxd5 14.
Rxd5 O-O 15. Qd4 Rfe8 16. h3 Qe4 17. Qd2 Re6 18. Rd1 h6 19. Rd4 Qe5 20. Qb4 b5
21. Rd5 Qe4 22. Qxb5 Rg6 23. g3 Rxg3+ 24. fxg3 Qe3+ 1/2-1/2

[Event "Plzen, JF C"]
[Site "?"]
[Date "1998.??.??"]
[Round "4"]
[White "Jenc, M."]
[Black "Bantle, M."]
[Result "0-1"]
[WhiteElo "1845"]
[BlackElo "2040"]
[PlyCount "34"]
[EventDate "1998.??.??"]
[Source "ChessBase"]
[SourceDate "1996.11.15"]

1. e4 e6 2. d4 b6 3. c4 Bb7 4. d5 Bb4+ 5. Bd2 Qe7 6. a3 Bxd2+ 7. Nxd2 f5 8. Bd3
exd5 9. cxd5 Bxd5 10. Kf1 fxe4 11. Qh5+ Bf7 12. Qf5 exd3 13. Re1 Be6 14. Qh5+
Qf7 15. Qe5 Ne7 16. Re3 Nbc6 17. Qxc7 Nd5 0-1

[Event "Plzen, JF C"]
[Site "?"]
[Date "1998.??.??"]
[Round "4"]
[White "Tsimafeyevas, S."]
[Black "Vojir, V sn"]
[Result "1-0"]
[WhiteElo "2015"]
[BlackElo "1815"]
[PlyCount "41"]
[EventDate "1998.??.??"]
[Source "ChessBase"]
[SourceDate "1996.11.15"]

1. d4 f5 2. e4 e6 3. Bd3 g6 4. Nc3 Bg7 5. Nf3 d6 6. Qe2 Ne7 7. Bg5 h6 8. Bd2
O-O 9. h4 h5 10. Bg5 Nbc6 11. exf5 exf5 12. O-O-O d5 13. Rde1 Re8 14. Bb5 Qd6
15. Bxc6 bxc6 16. Bxe7 Qd7 17. Qe3 Bf6 18. Qh6 Rxe7 19. Qxg6+ Bg7 20. Rxe7 Qxe7
21. Re1 1-0

[Event "Plzen, JF C"]
[Site "?"]
[Date "1998.??.??"]
[Round "5"]
[White "Michalek, J."]
[Black "Mirumian, V."]
[Result "1/2-1/2"]
[WhiteElo "2470"]
[BlackElo "2300"]
[PlyCount "46"]
[EventDate "1998.??.??"]
[Source "ChessBase"]
[SourceDate "1996.11.15"]

1. e4 c5 2. Nf3 e6 3. c3 d5 4. exd5 Qxd5 5. d4 cxd4 6. cxd4 Nf6 7. Nc3 Qa5 8.
Bc4 Be7 9. O-O O-O 10. Qe2 Nc6 11. Rd1 Rd8 12. a3 a6 13. Be3 Qh5 14. Ne5 Qxe2
15. Bxe2 Bd7 16. Bf3 Be8 17. Nxc6 Bxc6 18. Bxc6 bxc6 19. Na4 Nd5 20. Rac1 Rac8
21. Bd2 Kf8 22. Kf1 Ke8 23. Rc4 Kd7 1/2-1/2

[Event "Plzen, JF C"]
[Site "?"]
[Date "1998.??.??"]
[Round "5"]
[White "Stets, D."]
[Black "Kuljabin, V."]
[Result "1-0"]
[WhiteElo "2435"]
[BlackElo "2420"]
[PlyCount "73"]
[EventDate "1998.??.??"]
[Source "ChessBase"]
[SourceDate "1996.11.15"]

1. e4 c5 2. Nf3 d6 3. d4 cxd4 4. Nxd4 Nf6 5. Nc3 g6 6. Be3 Bg7 7. f3 O-O 8. Qd2
Nc6 9. Bc4 Bd7 10. h4 Ne5 11. Bb3 h5 12. O-O-O Rc8 13. Bh6 Bxh6 14. Qxh6 Rxc3
15. bxc3 Qc7 16. Kb1 Qxc3 17. Ne2 Qc5 18. Nf4 Nc4 19. e5 dxe5 20. Nxg6 fxg6 21.
Qxg6+ Kh8 22. Qh6+ Kg8 23. Rxd7 Nxd7 24. Qg6+ Kh8 25. Qxh5+ Kg7 26. Qg4+ Kh6
27. Bxc4 Qb4+ 28. Kc1 Nf6 29. Qg5+ Kh7 30. Bd3+ Kh8 31. Qxe5 Rc8 32. Re1 Qa3+
33. Kb1 Rc6 34. Ka1 Rb6 35. g4 Kg8 36. g5 Kf7 37. Bc4+ 1-0

[Event "Plzen, JF C"]
[Site "?"]
[Date "1998.??.??"]
[Round "5"]
[White "Kozlov, O."]
[Black "Papapostoulou, C."]
[Result "1-0"]
[WhiteElo "2410"]
[BlackElo "2180"]
[PlyCount "49"]
[EventDate "1998.??.??"]
[Source "ChessBase"]
[SourceDate "1996.11.15"]

1. Nf3 Nf6 2. g3 g6 3. b3 d6 4. d4 Bg7 5. Bb2 O-O 6. Bg2 c5 7. O-O cxd4 8. Nxd4
a6 9. c4 Qc7 10. Nc3 Nc6 11. Rc1 Bd7 12. Nd5 Qd8 13. Nxf6+ Bxf6 14. Nxc6 Bxc6
15. Bxf6 exf6 16. Qd4 Rc8 17. Rc2 Qe7 18. Rd1 Rfe8 19. Rcd2 Bxg2 20. Kxg2 Rc6
21. Qf4 Rd8 22. e3 f5 23. Rd5 b6 24. R1d4 a5 25. h4 {bily vyhral ve 47. tahu}
1-0

[Event "Plzen, JF C"]
[Site "?"]
[Date "1998.??.??"]
[Round "5"]
[White "Tupy, M."]
[Black "Zimmerman, Y."]
[Result "1-0"]
[WhiteElo "2210"]
[BlackElo "2340"]
[PlyCount "83"]
[EventDate "1998.??.??"]
[Source "ChessBase"]
[SourceDate "1996.11.15"]

1. d4 g6 2. c4 Bg7 3. Nc3 d6 4. e4 Nf6 5. h3 O-O 6. Bg5 Na6 7. Bd3 c6 8. Qd2 e5
9. d5 Qa5 10. Nf3 cxd5 11. Nxd5 Qxd2+ 12. Nxd2 Nxd5 13. cxd5 Nb4 14. Ke2 f6 15.
Be3 f5 16. f3 Nxd3 17. Kxd3 Bf6 18. Nc4 Be7 19. Rhc1 b6 20. a4 Bd7 21. b4 Rac8
22. b5 Rc7 23. Rc2 Rfc8 24. Rac1 Kg7 25. Bd2 fxe4+ 26. fxe4 g5 27. Bb4 g4 28.
hxg4 Bg5 29. Ne3 Rxc2 30. Rxc2 Bxe3 31. Rxc8 Bxc8 32. Kxe3 Bxg4 33. Bxd6 Bd1
34. Bxe5+ Kf7 35. Bb8 Bxa4 36. Bxa7 Bxb5 37. Bxb6 Bf1 38. g3 Bg2 39. Kd4 h5 40.
e5 Ke7 41. e6 Kf6 42. Bd8+ 1-0

[Event "Plzen, JF C"]
[Site "?"]
[Date "1998.??.??"]
[Round "5"]
[White "Pfriender, H."]
[Black "Suran, J."]
[Result "1/2-1/2"]
[WhiteElo "2010"]
[BlackElo "2295"]
[PlyCount "44"]
[EventDate "1998.??.??"]
[Source "ChessBase"]
[SourceDate "1996.11.15"]

1. e4 c5 2. d4 cxd4 3. c3 g6 4. cxd4 d5 5. exd5 Nf6 6. Nc3 Bg7 7. Bc4 O-O 8.
Nf3 Nbd7 9. O-O Nb6 10. Bb3 Nbxd5 11. Ne5 Be6 12. Bg5 Nxc3 13. bxc3 Bxb3 14.
Qxb3 Qc7 15. Be3 Rac8 16. Rac1 e6 17. c4 Rfd8 18. Rfd1 b6 19. h3 Qb7 20. a4 Nd7
21. Nxd7 Rxd7 22. c5 Bf8 1/2-1/2

[Event "Plzen, JF C"]
[Site "?"]
[Date "1998.??.??"]
[Round "5"]
[White "Krischke, A."]
[Black "Hallerova, E."]
[Result "1/2-1/2"]
[WhiteElo "2165"]
[BlackElo "2145"]
[PlyCount "23"]
[EventDate "1998.??.??"]
[Source "ChessBase"]
[SourceDate "1996.11.15"]

1. c4 e5 2. Nc3 Nc6 3. Nf3 g6 4. d4 Bg7 5. dxe5 Nxe5 6. Nxe5 Bxe5 7. g3 d6 8.
Bg2 Ne7 9. e4 Be6 10. Qe2 c6 11. O-O O-O 12. Be3 1/2-1/2

[Event "Plzen, JF C"]
[Site "?"]
[Date "1998.??.??"]
[Round "5"]
[White "Mitzka, F."]
[Black "Rybak, M."]
[Result "0-1"]
[WhiteElo "2035"]
[BlackElo "2280"]
[PlyCount "108"]
[EventDate "1998.??.??"]
[Source "ChessBase"]
[SourceDate "1996.11.15"]

1. e4 e5 2. Nf3 Nc6 3. Bb5 f5 4. d4 fxe4 5. Nxe5 Nxe5 6. dxe5 c6 7. Nc3 cxb5 8.
Nxe4 d5 9. exd6 Nf6 10. O-O Nxe4 11. Qh5+ g6 12. Qe5+ Kf7 13. Qxh8 Nf6 14. Bg5
Be6 15. Rad1 Bg7 16. Qxd8 Rxd8 17. Rfe1 Rd7 18. Re5 a6 19. b3 Bf8 20. Re3 Bxd6
21. Red3 Be5 22. Rxd7+ Nxd7 23. Kf1 Bf5 24. h3 Ke6 25. Re1 Kd5 26. f4 Bc3 27.
Re7 h5 28. Ke2 Nc5 29. Kd1 b6 30. Re8 Ne6 31. Bh6 b4 32. Re7 Nd4 33. Kc1 Ne6
34. Kd1 Bd4 35. Kd2 Ke4 36. Ke2 Bc5 37. Re8 Bd6 38. Kd2 a5 39. Bg5 Kd5 40. Bh6
Bxf4+ 41. Bxf4 Nxf4 42. g4 hxg4 43. hxg4 Bxg4 44. c4+ bxc3+ 45. Kxc3 Be6 46.
Rf8 Ke4 47. Kd2 g5 48. Rb8 g4 49. Rxb6 g3 50. Ke1 Kf3 51. Rc6 Bf5 52. Kd2 g2
53. Rc1 Kf2 54. a3 Bd3 0-1

[Event "Plzen, JF C"]
[Site "?"]
[Date "1998.??.??"]
[Round "5"]
[White "Steppuhn, T."]
[Black "Hroch, J."]
[Result "1/2-1/2"]
[WhiteElo "2160"]
[BlackElo "2035"]
[PlyCount "31"]
[EventDate "1998.??.??"]
[Source "ChessBase"]
[SourceDate "1996.11.15"]

1. f4 d5 2. Nf3 g6 3. e3 Bg7 4. d4 Nf6 5. Bd3 O-O 6. Nbd2 b6 7. Qe2 c5 8. c3
Nc6 9. O-O e6 10. b3 Re8 11. Ne5 Bb7 12. Qf3 Rc8 13. Bb2 Rc7 14. g4 cxd4 15.
exd4 Nd7 16. Qg2 1/2-1/2

[Event "Plzen, JF C"]
[Site "?"]
[Date "1998.??.??"]
[Round "5"]
[White "Bantle, M."]
[Black "Orsag, M."]
[Result "0-1"]
[WhiteElo "2040"]
[BlackElo "2140"]
[PlyCount "112"]
[EventDate "1998.??.??"]
[Source "ChessBase"]
[SourceDate "1996.11.15"]

1. d4 Nf6 2. c4 c5 3. d5 e6 4. Nc3 exd5 5. cxd5 d6 6. e4 g6 7. f4 Bg7 8. Nf3
O-O 9. Bd3 Re8 10. O-O c4 11. Bc2 Ng4 12. g3 Nd7 13. h3 Qb6+ 14. Kg2 Ne3+ 15.
Bxe3 Qxe3 16. Re1 Qc5 17. Rb1 b5 18. Ne2 Bb7 19. Ned4 Nb6 20. b4 cxb3 21. Bxb3
Rac8 22. Qd3 a6 23. Rbc1 Nc4 24. Kh2 f5 25. e5 Qxd5 26. Qf1 dxe5 27. fxe5 Bxe5
28. Nxe5 Rxe5 29. Rxe5 Qxe5 30. Nf3 Qd5 31. Rc3 g5 32. Rd3 Qc6 33. Nxg5 Re8 34.
Nf3 Qf6 35. Qf2 Kh8 36. h4 Qa1 37. Rd1 Qc3 38. Qd4+ Qxd4 39. Nxd4 Ne5 40. Rc1
Ng4+ 41. Kg1 Re3 42. Nxf5 Re2 43. Nd6 Rg2+ 44. Kf1 Nh2+ 45. Ke1 Nf3+ 46. Kf1
Rg1+ 47. Kf2 Rxc1 48. Nxb7 Nd4 49. Bd5 Rc3 50. Nd6 a5 51. g4 a4 52. h5 Rc5 53.
Be4 b4 54. Ke3 Nc2+ 55. Kd2 b3 56. axb3 a3 0-1